00206 a2200073 450000100060000010000050000624500930001126000280010459695 a aCountdown to Creative Writing; step by step approach to writing technques for 7-12 years aUKbRoutletge Pubc2009